LEADER 01092nam--2200337---450- 001 990005820060203316 005 20130322133749.0 010 $a978-88-348-3634-7 035 $a000582006 035 $aUSA01000582006 035 $a(ALEPH)000582006USA01 035 $a000582006 100 $a20130322d2012----km-y0itay50------ba 101 $aita 102 $aIT 105 $a||||||||001yy 200 1 $aContrasto multilivello al terrorismo internazionale e rispetto dei diritti umani$fRaffaele Cadin, ...[et al.] 210 $aTorino$cGiappichelli$d2012 215 $aXI, 183 p.$d24 cm 606 0 $aTerrorismo$xPrevenzione$dDiritto internazionale$2BNCF 676 $a363.32517 702 1$aCADIN,$bRaffaele 801 0$aIT$bsalbc$gISBD 912 $a990005820060203316 951 $aXXIII.1.L. 497$b76061 G.$cXXIII.1.L.$d00313874 959 $aBK 969 $aGIU 979 $aCHIARA$b90$c20130322$lUSA01$h1336 979 $aCHIARA$b90$c20130322$lUSA01$h1337 996 $aContrasto multilivello al terrorismo internazionale e rispetto dei diritti umani$91089315 997 $aUNISA LEADER 04340nam 22008175 450 001 9910437978503321 005 20200702061142.0 010 $a3-642-35798-9 024 7 $a10.1007/978-3-642-35798-5 035 $a(CKB)2670000000392820 035 $a(EBL)1106160 035 $a(OCoLC)851315280 035 $a(SSID)ssj0000935632 035 $a(PQKBManifestationID)11468922 035 $a(PQKBTitleCode)TC0000935632 035 $a(PQKBWorkID)10971307 035 $a(PQKB)11081192 035 $a(DE-He213)978-3-642-35798-5 035 $a(MiAaPQ)EBC6314762 035 $a(MiAaPQ)EBC1106160 035 $a(Au-PeEL)EBL1106160 035 $a(CaPaEBR)ebr10976216 035 $a(PPN)170490696 035 $a(EXLCZ)992670000000392820 100 $a20130611d2013 u| 0 101 0 $aeng 135 $aur|n|---||||| 181 $ctxt 182 $cc 183 $acr 200 10$aEinstein in Matrix Form $eExact Derivation of the Theory of Special and General Relativity without Tensors /$fby Günter Ludyk 205 $a1st ed. 2013. 210 1$aBerlin, Heidelberg :$cSpringer Berlin Heidelberg :$cImprint: Springer,$d2013. 215 $a1 online resource (202 p.) 225 1 $aGraduate Texts in Physics,$x1868-4513 300 $aDescription based upon print version of record. 311 $a3-642-43906-3 311 $a3-642-35797-0 320 $aIncludes bibliographical references (pages 189-190) and index. 327 $aFrom the Contents: Special Relativity -- The Galilei Transformation -- The Lorentz Transformation -- The Invariance of Quadratic Forms -- Velocity Addition -- Lorentz Transformation of Velocities -- Lorentz Transformation of Impulses -- Acceleration and Force -- Relativistic Electrodynamics -- Energy Momentum Matrix -- General Relativity -- General Relativity and Riemannian Geometry. 330 $aThis book is an introduction to the theories of Special and General Relativity. The target audience are physicists, engineers and applied scientists who are looking for an understandable introduction to the topic - without too much new mathematics. The fundamental equations of Einsteins theory of Special and General Relativity are derived using matrix calculus, without the help of tensors. This feature makes the book special and a valuable tool for scientists and engineers with no experience in the field of tensor calculus. In part I the foundations of Special Relativity are developed, part II describes the structure and principle of General Relativity. Part III explains the Schwarzschild solution of spherical body gravity and examines the "Black Hole" phenomenon. Any necessary mathematical tools are user friendly provided, either directly in the text or in the appendices. 410 0$aGraduate Texts in Physics,$x1868-4513 606 $aGravitation 606 $aMechanics 606 $aMechanics, Applied 606 $aChemistry, Physical and theoretical 606 $aMathematical physics 606 $aClassical and Quantum Gravitation, Relativity Theory$3https://scigraph.springernature.com/ontologies/product-market-codes/P19070 606 $aTheoretical and Applied Mechanics$3https://scigraph.springernature.com/ontologies/product-market-codes/T15001 606 $aTheoretical and Computational Chemistry$3https://scigraph.springernature.com/ontologies/product-market-codes/C25007 606 $aClassical Mechanics$3https://scigraph.springernature.com/ontologies/product-market-codes/P21018 606 $aMathematical Physics$3https://scigraph.springernature.com/ontologies/product-market-codes/M35000 615 0$aGravitation. 615 0$aMechanics. 615 0$aMechanics, Applied. 615 0$aChemistry, Physical and theoretical. 615 0$aMathematical physics. 615 14$aClassical and Quantum Gravitation, Relativity Theory. 615 24$aTheoretical and Applied Mechanics. 615 24$aTheoretical and Computational Chemistry. 615 24$aClassical Mechanics. 615 24$aMathematical Physics. 676 $a530.11 700 $aLudyk$b Günter$4aut$4http://id.loc.gov/vocabulary/relators/aut$0884394 801 0$bMiAaPQ 801 1$bMiAaPQ 801 2$bMiAaPQ 906 $aBOOK 912 $a9910437978503321 996 $aEinstein in Matrix Form$91974911 997 $aUNINA